| 000 | 00000nam##2200000za#4500 |
| 001 | 9.608602 |
| 003 | CaOODSP |
| 005 | 20220111083331 |
| 007 | ta |
| 008 | 150406|1992||||xxc||||| f|0| 0 eng|d |
| 020 | |a0-662-19990-1 |
| 022 | |a1713-0638 |
| 040 | |aCaOODSP|beng |
| 043 | |an-cn--- |
| 086 | 1 |aNE22-1/1992-16E |
| 110 | 1 |aCanada. |bNational Energy Board. |
| 245 | 10|aInterprovincial Pipe Line Inc. : |bapplication dated 27 June 1991 for new tolls effective 1 January 1992. Addendum |
| 260 | |aCalgary - Alberta : |bNational Energy Board |cSeptember, 1992. |
| 300 | |a15p. : |btables ; |c28 cm. |
| 490 | 1 |aReasons for decision|x1713-0638 |
| 563 | |aSoftcover |
| 690 | 07|aPetroleum industry|2gcpds |
| 775 | 08|tPipeline Interprovincial Inc. : |w(CaOODSP)9.620716 |
| 776 | 0#|tAddendum to reasons for decision in the matter of Interprovincial Pipe Line Inc. : |w(CaOODSP)9.572339 |
| 830 | #0|aReasons for decision (Canada. National Energy Board)|x1713-0638|w(CaOODSP)9.514808 |
| 986 | |aRH-2-91 |